| 000 | 00348nam a2200145Ia 4500 | ||
|---|---|---|---|
| 008 | 191201s2009 xx 000 0 und d | ||
| 082 |
_a004.165 _bAYM |
||
| 100 | _aAYALA, Kenneth J | ||
| 245 | 0 | _a8051 Microcontroller | |
| 250 | _aRep. | ||
| 260 |
_aNew Delhi _bCengage Learning _c2009 |
||
| 300 | _a412 | ||
| 650 | _aB.Tech(ECE) | ||
| 942 |
_2ddc _cBK |
||
| 999 |
_c4047 _d4047 |
||